Uplatnenie automatického vyrovnávacieho mechanizmu v priebežnom pilieri dôchodkového systému v Slovenskej republike

Automatický vyrovnávací mechanizmus v PAYG systéme. Metodológia a dátová základňa na zostavenie modelu ABM v podmienkach PAYG systému v Slovenskej republike.

Salvato in:
Dettagli Bibliografici
Autore principale: Virdzek, Tomáš
Altri autori: Šebo, Ján
Natura: Capitolo di libro
Lingua:slovacco
Soggetti:
Tags: Aggiungi Tag
Nessun Tag, puoi essere il primo ad aggiungerne!!

MARC

LEADER 00000naa a2200000 4500
001 0157297
005 20231208072512.8
041 0 |a slo 
044 |a SK 
245 1 0 |a Uplatnenie automatického vyrovnávacieho mechanizmu v priebežnom pilieri dôchodkového systému v Slovenskej republike  |c Tomáš Virdzek, Ján Šebo 
520 |a Automatický vyrovnávací mechanizmus v PAYG systéme. Metodológia a dátová základňa na zostavenie modelu ABM v podmienkach PAYG systému v Slovenskej republike. 
610 2 0 |a systémy dôchodkové 
610 2 0 |a výdavky verejné 
610 2 0 |a modely ekonomicko-matematické 
610 2 0 |a Slovensko 
100 1 |a Virdzek, Tomáš 
700 1 |a Šebo, Ján